A strategy for discovering the formulas for finding the area of polygons (Record no. 77424)

MARC details
000 -CABECERA
campo de control de longitud fija 00613nam a2200217 a 4500
005 - FECHA Y HORA DE LA ÚLTIMA TRANSACCIÓN
campo de control 20210219153446.0
008 - ELEMENTOS DE LONGITUD FIJA--INFORMACIÓN GENERAL
campo de control de longitud fija 991125n 000 0 u
035 ## - NÚMERO DE CONTROL DEL SISTEMA
Número de control de sistema UPN01000101078
100 ## - ASIENTO PRINCIPAL--NOMBRE PERSONAL
Nombre de persona Neatrour, Charles R
222 ## - TÍTULO CLAVE
Título clave SCHOOL SCIENCE AND MATHEMATICS
245 ## - MENCIÓN DE TÍTULO
Título A strategy for discovering the formulas for finding the area of polygons
300 ## - DESCRIPCIÓN FÍSICA
Extensión 362-366
362 ## - FECHAS DE PUBLICACIÓN Y/O DESIGNACIÓN SECUENCIAL
Fecha de publicación y/o designación secuencial 91, No. 8, 1991
505 ## - NOTA DE CONTENIDO CON FORMATO PREESTABLECIDO
Nota de contenido con formato Mayo 1992
653 0# - TERMINO DE INDIZACION - NO CONTROLADO
Término no controlado ACTIVIDADES DE APRENDIZAJE
653 0# - TERMINO DE INDIZACION - NO CONTROLADO
Término no controlado APRENDIZAJE POR DESCUBRIMIENTO
653 0# - TERMINO DE INDIZACION - NO CONTROLADO
Término no controlado AREA
653 0# - TERMINO DE INDIZACION - NO CONTROLADO
Término no controlado COMPUTACION
904 ## - ELEMENTOS DE DATOS D LOCAL, LDD (RLIN)
a AC
b 038889
905 ## - TIPO DE MATERIAL
Tipo de material Articulo

No items available.